000 00343nam a2200133Ia 4500
008 240624s9999 xx 000 0 und d
041 _aeng
082 _a658.3128 KAT
100 _aKATZENBACH JON R
245 _aWISDOM OF TEAMS
260 _c2005
_aNew York
_bHarperCollins Publishers
300 _axxxii, : 320 : p. : cm. ; 20
365 _c
_b20
999 _c8119
_d8119